A dictionary of modern English usage

Gardado en:
Detalles Bibliográficos
Autor Principal: Fowler, H. W (Author)
Formato: Libro
Idioma:inglés
Publicado: Oxford Oxford University Press 1965
Edición:2a. ed
Subjects:
Tags: Engadir etiqueta
Sen Etiquetas, Sexa o primeiro en etiquetar este rexistro!

MARC

LEADER 00000cam a2200000 a 4500
001 UCF5969
003 CL-VaPUC
008 130404e19650000UK |||||||||||||||||eng|d
020 |a 0192813897 
082 0 4 |a 427.09  |b FOW  |2 21 
100 0 |a Fowler, H. W  |e author  |9 568004 
245 1 2 |a A dictionary of modern English usage 
250 |a 2a. ed 
300 |a 725 p 
942 |c BK 
945 |d 20130404 00:00:00  |a dcastane 
260 |a Oxford  |b Oxford University Press  |c 1965 
650 0 |a Diccionarios  |9 256200 
650 7 |a DICCIONARIOS INGLES  |2 CL-VaPUC  |9 261669 
650 0 |a Lingüística  |9 265068 
650 0 |a Lenguas modernas  |9 354053 
583 |a last modification  |c 20130404 09:53:00  |k Rodrigo Vera 
999 |c 351362  |d 351360 
952 |0 0  |1 0  |4 0  |6 427_090000000000000_FOW_1965  |7 0  |8 X  |9 455411  |a BIBEDU  |b BIBEDU  |d 2019-11-22  |i 4809742  |o 427.09 FOW 1965  |p 4809742  |r 2023-01-13  |w 2019-11-22  |y BK_X  |k LIT